000 00539nam a2200229Ia 4500
003 OSt
005 20220918172449.0
006 a|||||r|||| 00| 0
007 ta
008 220917b |||||||| |||| 00| 0 eng d
024 _a937
037 _cTextual
040 _aARTS
_cARTS
_beng
041 _2eng
_aeng
082 _aO:9, H91
100 _aColeridge
_941712
245 0 _aLiterary criticism
260 _c1949
650 _aENGLISH LITERATURE
942 _hO:9, H91
_cTEXL
_2CC
999 _c144027
_d144027